000 00876nas a2200301 4500
001 BR9501484
003 BR-BrBNA
005 20231205093913.0
007 ta
008 230509b bl.|||p| |||| 00| 00por d
040 _aBR-BrBNA
_bpor
_cBiblioteca Nacional de Agricultura
041 _a(Pt)
072 _aH20
100 1 _aCoelho, L.M.
100 1 _aPio-Ribeiro, G.
100 1 _aLima, J.A.A.
100 1 _aBurity, H.A.
100 1 _aMariano, R.L.R.
100 1 _aKitajima, E.W.
100 1 _aPadovan, I.P.
245 1 _aCaracterizacao de um isolado pernambucano do virus do mosaico severo do caupi
650 _aFeijao de Corda
650 _aMosaico
650 _aPernambuco
773 0 _tFitopatologia Brasileira (Brazil)
_xISSN 0100-4158
_g(Sep 1992), v. 17(3) p. 331-335
_wBR9501484
909 _a202311
_bLúcia
_c55
_dLúcia Elande
942 _2AGRIS
_n0
_cANA
999 _c141005
_d141005